|
|
|
|
| LEADER |
02377nam a22003853i 4500 |
| 001 |
EBC7014943 |
| 003 |
MiAaPQ |
| 005 |
20231204023225.0 |
| 006 |
m o d | |
| 007 |
cr cnu|||||||| |
| 008 |
231204s2019 xx o ||||0 eng d |
| 020 |
|
|
|a 9783110628548
|q (electronic bk.)
|
| 035 |
|
|
|a (MiAaPQ)EBC7014943
|
| 035 |
|
|
|a (Au-PeEL)EBL7014943
|
| 035 |
|
|
|a (OCoLC)1118514801
|
| 040 |
|
|
|a MiAaPQ
|b eng
|e rda
|e pn
|c MiAaPQ
|d MiAaPQ
|
| 100 |
1 |
|
|a Sergo, Zdravko.
|
| 245 |
1 |
0 |
|a Approaches in Tourism Modelling :
|b Collected Papers.
|
| 250 |
|
|
|a 1st ed.
|
| 264 |
|
1 |
|a Warschau/Berlin :
|b Walter de Gruyter GmbH,
|c 2019.
|
| 264 |
|
4 |
|c ©2019.
|
| 300 |
|
|
|a 1 online resource (214 pages)
|
| 336 |
|
|
|a text
|b txt
|2 rdacontent
|
| 337 |
|
|
|a computer
|b c
|2 rdamedia
|
| 338 |
|
|
|a online resource
|b cr
|2 rdacarrier
|
| 505 |
0 |
|
|a Intro -- Table of contents -- PREFACE -- Part 1. EUROPEAN TOURISM TRENDS -- CHAPTER 1. MODELLING WEALTH EFFECT AND DEMAND FOR TOURISM DEPARTURE IN EUROPE: A PANEL DATA APPROACH -- Chapter 2. EXPLORING INTERNATIONAL TOURISM TRENDS IN THE MEDITERRANEAN: CONVERGENCE OR BIG DIVERGENCE -- CHAPTER 3. TOURISM ARRIVALS AND ROAD VICTIMS: EVIDENCE FROM MEDITERRANEAN REGIONS -- CHAPTER 4. BUSINESS CYCLE IN CROATIA: BY THE DYNAMIC SYNCHRONIZATION TECHNIQUE -- Part 2. INTERNATIONAL TOURISM & -- amp -- TRAVEL INDUSTRY TRENDS -- CHAPTER 5. TOURISM & -- amp -- TRAVEL INDUSTRY AND ITS EFFECT OF GREAT RECESSION: AN MULTILEVEL SURVIVAL ANALYSIS -- CHAPTER 6. TIME TO ENTRY AND BUSINESS TOURISM: PANEL DURATION MODELS WITH CENSORED DATA -- CHAPTER 7. KALDOR'S INCOME DISTRIBUTION AND TOURISM SPECIALIZATION: EVIDENCE FROM SELECTED COUNTRIES -- GLOSSARY -- GLOSSARY.
|
| 588 |
|
|
|a Description based on publisher supplied metadata and other sources.
|
| 590 |
|
|
|a Electronic reproduction. Ann Arbor, Michigan : ProQuest Ebook Central, 2023. Available via World Wide Web. Access may be limited to ProQuest Ebook Central affiliated libraries.
|
| 655 |
|
4 |
|a Electronic books.
|
| 700 |
1 |
|
|a Gržinić, Jasmina.
|
| 700 |
1 |
|
|a Afrić Rakitovac, Kristina.
|
| 700 |
1 |
|
|a Kostić Bobanović, Moira.
|
| 776 |
0 |
8 |
|i Print version:
|a Sergo, Zdravko
|t Approaches in Tourism Modelling
|d Warschau/Berlin : Walter de Gruyter GmbH,c2019
|
| 797 |
2 |
|
|a ProQuest (Firm)
|
| 856 |
4 |
0 |
|u https://ebookcentral.proquest.com/lib/matrademy/detail.action?docID=7014943
|z Click to View
|